|
|
|
|
| LEADER |
01439nam a2200373 a 4500 |
| 001 |
nkc20142595554 |
| 003 |
CZ PrNK |
| 005 |
20251114235005.0 |
| 007 |
ta |
| 008 |
140616s2014 xr g 000 f cze |
| 015 |
|
|
|a cnb002595554
|
| 020 |
|
|
|a 978-80-7462-555-8
|q (váz.)
|
| 035 |
|
|
|a (OCoLC)886605697
|
| 040 |
|
|
|a OLA001
|b cze
|d ABA001
|
| 041 |
1 |
|
|a cze
|h ita
|
| 072 |
|
7 |
|a 821.131.1-3
|x Italská próza
|2 Konspekt
|9 25
|
| 080 |
|
|
|a 821.131.1-31
|2 MRF
|
| 080 |
|
|
|a (0:82-31)
|2 MRF
|
| 100 |
1 |
|
|a D'Avenia, Alessandro,
|d 1977-
|7 xx0186441
|4 aut
|
| 245 |
1 |
0 |
|a Bílá jako sníh, rudá jako krev /
|c Alessandro d'Avenia ; [z italského originálu ... přeložila Zdeňka Nováková]
|
| 250 |
|
|
|a Vyd. 1.
|
| 260 |
|
|
|a V Brně :
|b Jota,
|c 2014
|
| 300 |
|
|
|a 270 s. ;
|c 21 cm
|
| 655 |
|
7 |
|a italské romány
|7 fd132481
|2 czenas
|
| 655 |
|
9 |
|a Italian fiction
|2 eczenas
|
| 700 |
1 |
|
|a Strigaro, Zdeňka,
|d 1982-
|7 xx0142878
|4 trl
|
| 765 |
0 |
|
|t Bianca come il latte, rossa come il sangue
|9 Česky
|
| 856 |
4 |
1 |
|u http://www.digitalniknihovna.cz/mzk/uuid/uuid:268c8240-a809-11f0-8601-5ef3fc9bb22f
|y Digitalizovaný dokument
|x NDK
|
| 910 |
2 |
|
|a BOA001
|b 2-1329.489
|
| 990 |
|
|
|a BK
|
| 995 |
|
|
|a 01
|
| 991 |
|
|
|b 201407
|c NOV
|e b
|j B-DAV
|
| 996 |
6 |
|
|b 2610597382
|c 2-1329.489
|l MZK
|r Sklad / do 1 hodiny
|n 0
|p p.v.
|w 001438246
|u 000010
|a 1
|e BOA001
|j MZK50
|s P
|
| 996 |
7 |
|
|b 2610597383
|c 2-1329.489
|l MZK
|r Sklad / do 1 hodiny
|n 5
|p p.v.
|w 001438246
|u 000020
|a 1
|e BOA001
|j MZK50
|s A
|